Genes, enzimas y enfermedades hereditarias /
Guardado en:
| Autor Principal: | |
|---|---|
| Formato: | Libro |
| Publicado: |
Buenos Aires :
Eudeba,
1977
|
| Edición: | 3a. ed. |
| Materias: | |
| Etiquetas: |
Agregar Etiqueta
Sin Etiquetas, Sea el primero en etiquetar este registro!
|
| LEADER | 01027nam a22002295a 4500 | ||
|---|---|---|---|
| 001 | CEM.cems006101 | ||
| 008 | 130507s1977##################000#0#####d | ||
| 005 | 20210916184837.0 | ||
| 003 | CEMS | ||
| 245 | 1 | 0 | |a Genes, enzimas y enfermedades hereditarias / |
| 250 | |a 3a. ed. | ||
| 260 | |a Buenos Aires : |b Eudeba, |c 1977 | ||
| 300 | |a 157 p. | ||
| 505 | 0 | |a Mendelismo.-Cromosomas sexuales y herencia ligada al sexo.-Veh¡culos de la herencia.-Ciclos biol¢gicos y reproducci¢n.-Base qu¡mica de la herencia.-Ligamiento, entrecruzamiento y elaboraci¢n de mapas cromos¢micos. -Variaciónes en la estructura del genoma.-Mutaci¢n.-Funci¢n g'nica. -Sist. extracromos¢micos y epigen'ticos.-El papel de los genes en el desarrollo.-Los genes en las poblaciónes.-Herencia cuantitativa. - | |
| 100 | 1 | |a Sutton, H Eldon | |
| 082 | 0 | 4 | |a 575.1 |
| 653 | |a Adn | ||
| 653 | |a Genes-estructura | ||
| 653 | |a Genetica | ||
| 653 | |a Genetica y enfermedad | ||
| 653 | |a Metabolismo | ||
| 859 | |a CEMS |b BIB. CEMS - Agricultura |h 575.1 |i Su87a3 |p A10952.82 |t Ej.1 | ||
